00331nam a2200121Ia 4500008004100000020001800041082001800059100002200077245005500099250001600154260003000170300000900200210430s9999 xx 000 0 und d a81-265-1000-5 a660.28 L655 C aOctave Levenspiel aChemical Reaction Engineering /cOctave Levenspiel a3rd edition aIndiabWiley India c2007 a668p